ბათუმის შოთა რუსთაველის სახელმწიფო უნივერსიტეტის ბიბლიოთეკა

Homo Ludens (კაცი მოთამაშე) : (ბიბ.ჩანაწერი № 59710)

000 -ლიდერი
ფიქსირებული სიგრძის საკონტროლო ველი 01626nam a22002297a 4500
003 - საკონტროლო ნომრის იდენტიფიკატორი
საკონტროლო ველი Ge_BSU
005 - ბოლო ოპერაციის თარიღი და დრო
საკონტროლო ველი 20230405102702.0
008 - ფიქსირებული სიგრძის მონაცემთა ელემენტები - ზოგადი ინფორმაცია
ფიქსირებული სიგრძის საკონტროლო ველი 230405s1997 ge ||||| |||| 00| 0 geo d
037 ## - შეძენის წყარო
Stock number ბსუ-ს საპატიო დოქტორის გურამ ლორთქიფანიძის საჩუქარი
041 ## - ენის კოდი
Language code of text/sound track or separate title geo
080 ## - უნივერსალური ათობითი კლასიფიკაციის ინდექსი
Universal Decimal Classification number 008 ჰ-21
100 ## - მთავარი ჩანაწერი - პიროვნების სახელი
Personal name ჰაიზინგა, იოჰან
9 (RLIN) 17476
245 ## - ცნობა სათაურის შესახებ
Title Homo Ludens (კაცი მოთამაშე) :
Remainder of title კულტურის თამაშში წარმოშობის შესახებ /
Statement of responsibility, etc იოჰან ჰაიზინგა; მთარგმნელი გია ნოდია; რედაქტორი ზეინაბ ხარაძე; მშვიდობის, დემოკრატიის და განვითარების კავკასიის ინსტიტუტი.
264 ## - წარმოების, გამოცემის, დისტრიბუციის და სხვა ცნობები
გამოცემის, წარმოების, დისტრიბუციის... ადგილი თბილისი :
გამოცემის, წარმოების, დისტრიბუციის... სახელწოდება CIPDD,
გამოცემის, წარმოების, დისტრიბუციის... თარიღი 1997.
300 ## - ფიზიკური აღწერა
Extent 258 გვ. ;
Other physical details 20 სმ.
500 ## - ზოგადი შენიშვნა
General note პარალელური თავფურცელი გერმანულ ენაზე.
653 ## - INDEX TERM--UNCONTROLLED
Uncontrolled term თამაშის ელემენტი კულტურაში
700 ## - ADDED ENTRY--PERSONAL NAME
Personal name ნოდია, გია
Relator term მთარგმნელი
9 (RLIN) 17477
700 ## - ADDED ENTRY--PERSONAL NAME
Personal name ხარაძე, ზეინაბ
Relator term რედაქტორი
9 (RLIN) 17478
710 ## - ADDED ENTRY--CORPORATE NAME
Corporate name or jurisdiction name as entry element მშვიდობის, დემოკრატიის და განვითარების კავკასიის ინსტიტუტი.
9 (RLIN) 17479
942 ## - ADDED ENTRY ELEMENTS (KOHA)
Source of classification or shelving scheme
Koha item type წიგნი
ეგზემპლარები
ჩამოწერის სტატუსი დაკარგული ეგზემპლარის სტატუსი კლასიფიკაციის წყარო ან თაროზე გაწყობის სქემა დაზიანების სტატუსი არ გაიცემა მუდმივი მდებარეობა (დაცვის ადგილი) ამჟამინდელი ადგილსამყოფელი თაროზე განთავსების ადგილი შეძენის თარიღი ღირებულება, შესყიდვის ნორმალური ფასი სრული შენახვის შიფრი შტრიხკოდი ბოლო ოპერაციის თარიღი ეგზემპლარის მიმდევრობითი ნომერი (კეტერი?) Uniform Resource Identifier ფასის ძალაში შესვლის თარიღი ეგზემპლარის სახეობა საჯარო შენიშვნა
          ბათუმის შოთა რუსთაველის სახელმწიფო უნივერსიტეტის მთავარი ბიბლიოთეკა ბათუმის შოთა რუსთაველის სახელმწიფო უნივერსიტეტის მთავარი ბიბლიოთეკა წიგნსაცავი 2023-04-05 7.00 008 ჰ-21 64144 2023-04-05 64144 ბსუ-ს საპატიო დოქტორის გურამ ლორთქიფანიძის საჩუქარი 2023-04-05 წიგნი 7 ლ.